3 Most Famous Cities in Comoros on a Map - Statistics

General Stats
  • This quiz has been taken 174 times
  • The average score is 2 of 3
Answers on the Map
Answers color-coded by a green-red scale on the quiz's map according to % correct below.
 
Answer Stats
Wiki Monthly Views Cityquiz Mention Rate Population Answers % Correct
14.54K 16.96% 74.75K Moroni
99%
0.72K 0.55% 17.29K Fomboni
45%
1.40K 0.41% 26.31K Mutsamudu
40%
No matching quizzes found
Score Distribution
Percent of People with Each Score
Percentile by Number Answered
Your Score History
You have not taken this quiz